Statistiques concernant Ville à pays n°27

Cliquez ici pour prendre le quiz!

Statistiques générales

  • Ce quiz a été pris 106 fois
  • Le résultat moyen est 12 sur 15

Statistiques - réponses

VillePays% Correct
LilleFrance
99%
KyotoJapon
99%
NurembergAllemagne
98%
Le CaireEgypte
98%
TorontoCanada
97%
SalzbourgAutriche
95%
Little RockÉtats-Unis
92%
BâleSuisse
92%
LivourneItalie
78%
DurbanAfrique du Sud
73%
KilkennyIrlande
67%
TrondheimNorvége
67%
LvivUkraine
66%
CoimbraPortugal
65%
LucknowInde
38%

Distribution des résultats

Percentile par nombre de réponses

% des personnes avec chaque résultat

Votre développement - résultats

Vous n’avez pas pris ce quiz